书目信息 |
| 题名: |
马克思 恩格斯 列宁 斯大林 论无产阶级革命领袖
|
|
| 作者: | ||
| 分册: | ||
| 出版信息: | 河北 人民出版社 1977 |
|
| 页数: | 19页 | |
| 开本: | 20cm | |
| 丛书名: | ||
| 单 册: | ||
| 中图分类: | A562 | |
| 科图分类: | ||
| 主题词: | 马列著作--专题汇编 | |
| 电子资源: | ||
| ISBN: | ||
| 000 | 00552nam0 2200193 450 | |
| 001 | 0630856246 | |
| 005 | 20060928083557.90 | |
| 010 | @dCNY0.08 | |
| 091 | @a1001.1138 | |
| 100 | @a20060928d1977 km y0chiy0120 ea | |
| 101 | 0 | @achi |
| 102 | @aCN | |
| 200 | 1 | @a马克思 恩格斯 列宁 斯大林 论无产阶级革命领袖@Ama ke si en ge si lie ning si da lin lun wu chan jie ji ge ming ling xiu |
| 210 | @a河北@c人民出版社@d1977 | |
| 215 | @a19页@d20cm | |
| 606 | 0 | @a马列著作@x专题汇编 |
| 690 | @aA562@v3 | |
| 801 | 0 | @aCN@bPFT@c20060928 |
| 905 | @a10447@dA562@e82 | |
| 马克思 恩格斯 列宁 斯大林 论无产阶级革命领袖.-河北:人民出版社,1977 |
| 19页;20cm |
| ISBN :CNY0.08 |
| ● |
| 相关链接 |
|
|
|
|
正题名:马克思 恩格斯 列宁 斯大林 论无产阶级革命领袖
索取号:A562/82
 
预约/预借
| 序号 | 登录号 | 条形码 | 馆藏地/架位号 | 状态 | 备注 |
| 1 | 0422273 | 204222732 | 密集书库/ [索取号:A562/82] | 在馆 |